[Event "DC International"]
[Site "Arlington USA"]
[Date "2013.06.29"]
[Round "6.23"]
[White "Anuprita,P"]
[Black "Maldonado,O"]
[Result "1/2-1/2"]
[WhiteElo "2075"]
[BlackElo "2194"]

1.d4 Nf6 2.c4 e6 3.Nc3 Bb4 4.Nf3 b6 5.Qb3 a5 6.Bg5 h6 7.Bh4 g5 8.Bg3 Ne4
9.a3 Bxc3+ 10.bxc3 h5 11.Qc2 Bb7 12.Nd2 f5 13.Be5 Rh6 14.f3 Nxd2 15.Qxd2 h4
16.Bxc7 Qxc7 17.Qxg5 Qxc4 18.Rc1 Rh8 19.Qg6+ Kf8 20.Qf6+ Kg8  1/2-1/2

[Event "TCh-MNE Prem 2013"]
[Site "Cetinje MNE"]
[Date "2013.06.29"]
[Round "6.4"]
[White "Maric,B"]
[Black "Potpara,N"]
[Result "1/2-1/2"]
[WhiteElo "2230"]
[BlackElo "2236"]

1.d4 Nf6 2.c4 e6 3.Nc3 Bb4 4.Nf3 b6 5.g3 Bb7 6.Bg2 Ne4 7.Qb3 Nc6 8.O-O Bxc3
9.bxc3 Na5 10.Qa4 Nxc3 11.Qc2 Ne4 12.d5 Nc5 13.Bd2 d6 14.Bxa5 bxa5 15.Nd4 O-O
16.dxe6 Bxg2 17.exf7+ Rxf7 18.Kxg2 a4 19.e4 Qf6 20.Rad1 Rb8 21.f4 Rb6 22.Rfe1 Re7
23.Rd2 Re8 24.Nb5 Reb8 25.e5 dxe5 26.Rxe5 Nd7 27.Rxd7 Qc6+ 28.Red5 Rxb5 29.Qe4 Rxd5
30.Qxd5+ Qxd5+ 31.cxd5 Rb5 32.Kf3 Rc5 33.Ke4 a3 34.Rd8+ Kf7 35.Ra8 Rc2 36.Rxa7 Rxa2
37.Rxc7+ Kf6 38.Rc6+ Ke7 39.Ra6 Ra1 40.Ke5 Re1+ 41.Kf5 Rd1 42.Ke4 Ra1 43.Ra7+ Kd6
44.Kf5 a2 45.Ra5 Ke7 46.Ra6 Rd1 47.Ra7+ Kf8 48.Rxa2 Rxd5+ 49.Ke6 Rd8 50.g4 Re8+
51.Kf5 Re7 52.h4 Kf7 53.h5 h6 54.g5 hxg5 55.fxg5 g6+ 56.hxg6+ Kg7 57.Rh2 Re1
58.Rh7+ Kg8 59.Rh4 Rf1+ 60.Rf4 Rxf4+ 61.Kxf4 Kg7 62.Kf5 Kg8 63.Kf6 Kf8 64.Ke5 Kg7
65.Kf5 Kg8 66.g7 Kxg7 67.Kf4 Kg6 68.Kg4 Kg7 69.Kf5 Kf7  1/2-1/2

[Event "66th ch-RUS HL"]
[Site "Yekaterinburg RUS"]
[Date "2013.06.29"]
[Round "9.10"]
[White "Khismatullin,D"]
[Black "Dvoirys,S"]
[Result "0-1"]
[WhiteElo "2658"]
[BlackElo "2533"]

1.d4 Nf6 2.c4 e6 3.Nc3 Bb4 4.Nf3 b6 5.e3 Bb7 6.Bd3 O-O 7.O-O d5 8.cxd5 exd5
9.a3 Bd6 10.b4 Nbd7 11.Qb3 a6 12.a4 Qe7 13.Rb1 Ne4 14.Nxd5 Bxd5 15.Qxd5 Nc3
16.Qb3 Nxb1 17.Qxb1 h6 18.b5 axb5 19.axb5 Rfd8 20.e4 Nf8 21.e5 Ba3 22.Be3 Qb4
23.Qc2 Bb2 24.Rb1 Ra1 25.Rxa1 Bxa1 26.Qxc7 Ne6 27.Qxb6 Qb3 28.Bf1 Qd5 29.h4 Nxd4
30.Bxd4 Bxd4 31.Qc7 Rd7 32.Qc8+ Rd8 33.Qc7 Rd7 34.Qc6 Ba7 35.e6 Qxe6 36.Qc8+ Kh7
37.Qc2+ Qg6 38.Qb3 Qb6 39.Qc2+ Qg6 40.Qb3 Qf6 41.Qc2+ Kg8 42.Bd3 Bb6 43.Be4 Qf4
44.Bc6 Ra7 45.Qb2 Ra4 46.Kh1 Rc4 47.g3 Qf5 48.Qa3 Bxf2 49.Kg2 Bb6 50.Nd2 Qf2+
51.Kh3 Qxd2 52.Qa8+ Qd8  0-1

[Event "Opatija Open A 2013"]
[Site "Opatija CRO"]
[Date "2013.06.30"]
[Round "2.10"]
[White "Bonoo,Iwan"]
[Black "Juranic,B"]
[Result "0-1"]
[WhiteElo "1955"]
[BlackElo "2184"]

1.d4 Nf6 2.Nf3 e6 3.c4 Bb4+ 4.Nc3 c5 5.e3 d5 6.Bd3 dxc4 7.Bxc4 Bxc3+ 8.bxc3 Qc7
9.Qe2 Nbd7 10.O-O O-O 11.e4 cxd4 12.cxd4 Nxe4 13.Ba3 Re8 14.Rac1 Qa5 15.Bb2 Nef6
16.Rfe1 Nb6 17.Bb3 Nbd5 18.Ne5 Bd7 19.Nc4 Qa6 20.Qe5 Rec8 21.Nd6 Rc6 22.Rxc6 Bxc6
23.Nxf7 Kxf7 24.Qxe6+ Kf8 25.a4 g6 26.Qd6+ Kg7 27.Re7+ Kh8 28.Qe5 Qd3 29.Bxd5 Qd1+
30.Qe1 Qxe1+ 31.Rxe1 Nxd5  0-1

[Event "IsBank TCh-TUR 2013"]
[Site "Denizli TUR"]
[Date "2013.07.01"]
[Round "3.4"]
[White "Kuseyri,M"]
[Black "Javakhadze,Z"]
[Result "0-1"]
[WhiteElo "2050"]
[BlackElo "2450"]

1.d4 Nf6 2.Nf3 e6 3.c4 Bb4+ 4.Nc3 d5 5.Bg5 h6 6.Bxf6 Qxf6 7.e3 O-O 8.Bd3 dxc4
9.Bxc4 c5 10.a3 cxd4 11.Qxd4 Bxc3+ 12.bxc3 Qe7 13.O-O Nc6 14.Qe4 Bd7 15.Rab1 b6
16.Rfd1 Rfd8 17.Rxd7 Qxd7 18.Bb5 Rac8 19.Ne5 Qd5 20.Qxd5 Rxd5 21.Nxc6 Rxb5
22.Rxb5 Rxc6 23.Rb3 Rc4 24.Kf1 Kf8 25.Ke2 Ke7 26.Kd3 Ra4 27.c4 Kd6 28.f4 Kc5
29.Rb5+ Kc6 30.Rb3 a6 31.g4 g5 32.Kd4 b5 33.Rc3 Kd6 34.Kd3 bxc4+ 35.Kd4 f6
36.h3 e5+ 37.fxe5+ fxe5+ 38.Ke4 Ke6 39.Kf3 Kd5 40.Ke2 Ra5 41.Kd2 Rb5 42.Rc2 Rb3
43.Ra2 e4 44.Ra1 c3+ 45.Kc2 Kc4 46.Rd1 Rb2+ 47.Kc1 Rd2 48.Rf1 Rh2 49.Rf6 Rxh3
50.Rxa6 Kd3 51.Rd6+ Kxe3 52.a4 Kf2 53.Rf6+ Rf3 54.Rxh6 e3 55.Rh2+ Kg3  0-1

[Event "ch-NOR 2013"]
[Site "Lillehammer NOR"]
[Date "2013.07.01"]
[Round "3.3"]
[White "Johannessen,LE"]
[Black "Urkedal,F"]
[Result "0-1"]
[WhiteElo "2520"]
[BlackElo "2470"]

1.d4 Nf6 2.c4 e6 3.Nc3 Bb4 4.Nf3 b6 5.e3 Bb7 6.Bd3 O-O 7.O-O d5 8.cxd5 exd5
9.a3 Bd6 10.b4 Nbd7 11.Qb3 a6 12.a4 Qe7 13.Rb1 Rfe8 14.b5 axb5 15.axb5 Qe6
16.Bb2 Ne4 17.Ne2 Qh6 18.Ng3 Nxg3 19.hxg3 Nf6 20.Bf5 Qh5 21.Qc2 Bc8 22.Bxc8 Raxc8
23.Rfe1 Ng4 24.e4 dxe4 25.Rxe4 Rxe4 26.Qxe4 Qh1+  0-1

[Event "Klatov Open A 2013"]
[Site "Klatovy CZE"]
[Date "2013.07.02"]
[Round "4.8"]
[White "Dvorak,J"]
[Black "Rydl,Jiri"]
[Result "1/2-1/2"]
[WhiteElo "2227"]
[BlackElo "2057"]

1.d4 Nf6 2.c4 e6 3.Nf3 Bb4+ 4.Nc3 c5 5.g3 cxd4 6.Nxd4 Ne4 7.Qd3 Bxc3+ 8.bxc3 Nc5
9.Qe3 b6 10.Bg2 Bb7 11.Bxb7 Nxb7 12.Qe4 Nc6 13.Ba3 Rc8 14.Rd1 Nc5 15.Bxc5 bxc5
16.Nxc6 Rxc6 17.Qxc6  1/2-1/2

[Event "IsBank TCh-TUR 2013"]
[Site "Denizli TUR"]
[Date "2013.07.03"]
[Round "5.4"]
[White "Kuseyri,M"]
[Black "Haznedaroglu,K"]
[Result "0-1"]
[WhiteElo "2050"]
[BlackElo "2427"]

1.d4 Nf6 2.c4 e6 3.Nc3 Bb4 4.Nf3 b6 5.Bg5 h6 6.Bh4 Bb7 7.e3 O-O 8.Bd3 d5
9.O-O dxc4 10.Bxc4 Nbd7 11.Qa4 Be7 12.Qc2 Nd5 13.Bg3 N7f6 14.Nxd5 exd5 15.Bd3 c5
16.dxc5 bxc5 17.h3 Qb6 18.Nh4 Rfd8 19.Qe2 Bf8 20.b3 Re8 21.Rfe1 Rad8 22.Qc2 Ne4
23.Bxe4 dxe4 24.f4 Rd3 25.Rad1 Red8 26.Rxd3 exd3 27.Qd2 c4 28.bxc4 Bb4  0-1

[Event "9th Baltic Pearl 2013"]
[Site "Lazy POL"]
[Date "2013.07.03"]
[Round "4.6"]
[White "Chojnacki,K"]
[Black "Eggink,R"]
[Result "1/2-1/2"]
[WhiteElo "2442"]
[BlackElo "2121"]

1.d4 Nf6 2.c4 e6 3.Nc3 Bb4 4.Nf3 b6 5.Qb3 Bxc3+ 6.Qxc3 Ne4 7.Qc2 f5 8.g3 Bb7
9.Bg2 O-O 10.O-O Nf6 11.Bf4 d6 12.c5 Be4 13.Qb3 Bd5 14.Qa3 bxc5 15.dxc5 e5
16.Be3 Bxf3 17.Bxf3 d5 18.Qb3 c6 19.Qb7 Qd7 20.Qxa8 Na6 21.Qxf8+ Kxf8 22.Rac1 Qb7
23.b3 Qb5 24.Rfd1 Nd7 25.Rc2 Ke8 26.Bg2 d4 27.Bc1 Naxc5 28.f4 Ne4 29.Bxe4 fxe4
30.fxe5 Qb6 31.Kg2 Nxe5 32.Bf4 Nf7 33.Rdc1 g5 34.Bd2 Qb5 35.Be1 e3 36.Kg1 g4
37.a4 Qd5 38.Rxc6 Ng5 39.Rc8+ Kf7 40.R8c7+ Ke8 41.Rc8+ Kf7 42.R8c7+  1/2-1/2

[Event "9th Baltic Pearl 2013"]
[Site "Lazy POL"]
[Date "2013.07.05"]
[Round "6.6"]
[White "Chojnacki,K"]
[Black "Reza,W"]
[Result "1/2-1/2"]
[WhiteElo "2442"]
[BlackElo "2122"]

1.d4 Nf6 2.c4 e6 3.Nc3 Bb4 4.Nf3 b6 5.e3 Bb7 6.Bd3 c5 7.Bd2 d5 8.cxd5 exd5
9.a3 Bxc3 10.Bxc3 c4 11.Bf5 Nc6 12.Ne5 b5 13.f4 Qb6 14.O-O a5 15.Be1 Ne7
16.Bc2 Ne4 17.Bxe4 dxe4 18.Qg4 O-O 19.Nd7 Qd6 20.Nxf8 Kxf8 21.f5 f6 22.Qh5 Kg8
23.Rf4 Bd5 24.Rh4 h6 25.Bg3 Qd7 26.Rf1 b4 27.Rg4 Kf8 28.axb4 axb4 29.Be1 c3
30.bxc3 b3 31.c4 Bxc4 32.Bb4 Be2 33.Rb1 Rb8 34.Rxb3 Bxg4 35.Qxg4 Kg8 36.Qxe4 Nd5
37.Bd6 Rxb3 38.Qxd5+ Qf7 39.Qe4 Kh7 40.h3 Qc4 41.Bf4 Rb5 42.Kh2 Qc8 43.Qe6 Qc2
44.Qe8 Qxf5 45.Qc6 Rb2 46.Qa8 h5 47.Qf3 Rb3 48.Qd1 Ra3 49.Qc1 Ra2 50.Qd1 h4
51.Qf3 Ra3 52.Qb7 Ra2 53.Qf3 Ra3 54.Qb7 Rc3 55.Qb4 Rc1 56.Qb2 Rf1 57.Qe2 Rb1
58.Bd6 Qe4 59.Bf4 Qf5 60.Bd6 Rc1 61.e4 Qg6 62.Bf4 Ra1 63.e5 fxe5 64.Bxe5 Qf5
65.Bd6 Rc1 66.Be5 Rc2 67.Qe1 g5 68.Bd6 Rf2  1/2-1/2

[Event "Styrian Open A 2013"]
[Site "Bad Gleichenberg AUT"]
[Date "2013.07.07"]
[Round "2.3"]
[White "Jankovic,A"]
[Black "Danner,G"]
[Result "1-0"]
[WhiteElo "2559"]
[BlackElo "2315"]

1.d4 Nf6 2.c4 e6 3.Nc3 Bb4 4.Nf3 Nc6 5.e3 O-O 6.Bd3 d6 7.O-O Bxc3 8.bxc3 e5
9.Nd2 Qe7 10.Qc2 Re8 11.f3 b6 12.Ne4 Nd7 13.Ng3 g6 14.f4 exd4 15.f5 Nce5
16.exd4 Nxd3 17.Qxd3 Bb7 18.Bd2 d5 19.fxg6 fxg6 20.cxd5 Bxd5 21.c4 Bb7 22.Kh1 Rf8
23.Rfe1 Qh4 24.Re2 Nf6 25.Kg1 Rae8 26.Rxe8 Rxe8 27.h3 Nh5 28.Re1 Rxe1+ 29.Bxe1 Qe7
30.Qd2 Nf6 31.Kh2 Ba6 32.c5 Bb7 33.Qf2 Bd5 34.Bd2 Kg7 35.Bf4 c6 36.cxb6 axb6
37.a4 Qe6 38.Qb2 c5 39.Be5 c4 40.Ne2 Qc6 41.Nc3 Kg8 42.Qb5 Qxb5 43.axb5 Nd7
44.Nxd5 Nxe5 45.dxe5 Kf7 46.Kg3 Ke6 47.Nxb6 c3 48.Na4 c2 49.Nc5+ Kxe5 50.Nb3 Kd5
51.b6 Kc6 52.Nd4+ Kxb6 53.Nxc2  1-0

[Event "ch-IRL 2013"]
[Site "Limerick IRL"]
[Date "2013.07.07"]
[Round "2.4"]
[White "Quinn,C"]
[Black "O'Cinneide,M"]
[Result "0-1"]
[WhiteElo "2104"]
[BlackElo "2225"]

1.d4 Nf6 2.c4 e6 3.Nf3 Bb4+ 4.Nc3 b6 5.Qc2 Bb7 6.a3 Bxc3+ 7.Qxc3 Ne4 8.Qc2 f5
9.e3 O-O 10.Bd3 d6 11.O-O Nd7 12.Nd2 Qh4 13.f3 Ng5 14.e4 f4 15.Nb3 Rf6 16.Qf2 Qh5
17.h4 Nf7 18.Bd2 c5 19.e5 dxe5 20.dxc5 e4 21.Bxe4 Bxe4 22.fxe4 bxc5 23.Bc3 Nfe5
24.Rad1 Ng4 25.Qf3 Rf7 26.e5 Rb8 27.Nd2 Qxh4 28.Qh3 Qxh3 29.gxh3 Ne3 30.Ne4 Nxd1
31.Rxd1 h6 32.b4 cxb4 33.axb4 Nb6 34.Nd6 Rc7 35.Rd4 g5 36.Bd2 a6 37.Kf2 Nc8
38.Ne4 Ne7 39.Nd6 Nc6 40.Rd3 Nxe5 41.Rd4 Rd8 42.b5 Nxc4  0-1

[Event "41st TCh-GRE"]
[Site "Rio (Achaia) GRE"]
[Date "2013.07.07"]
[Round "7.5"]
[White "Pavlidou,E"]
[Black "Socko,M"]
[Result "1-0"]
[WhiteElo "2210"]
[BlackElo "2436"]

1.d4 Nf6 2.c4 e6 3.Nc3 Bb4 4.Nf3 b6 5.e3 Bb7 6.Bd3 O-O 7.O-O d5 8.a3 Bd6
9.cxd5 exd5 10.Qc2 Re8 11.Nb5 Ne4 12.Nxd6 Qxd6 13.Bd2 Nd7 14.Rfc1 c5 15.dxc5 Ndxc5
16.Bf1 Rac8 17.Be1 a6 18.b4 Nd7 19.Qb2 b5 20.Rxc8 Rxc8 21.Rc1 Nb6 22.Rxc8+ Bxc8
23.Qd4 h6 24.Ne5 Bf5 25.f3 Ng5 26.Qf4 Bc2 27.h4 f6 28.Nd3 Qxf4 29.Nxf4 Nf7
30.Bc3 Nd6 31.Bd4 Ndc4 32.Ne6 Nd7 33.Nc7 Nxa3 34.Nxa6 Bb3 35.Nc7 Bc4 36.Kf2 Ne5
37.Bxc4 dxc4 38.Bxe5 fxe5 39.Ke2 c3 40.e4 Kf7 41.Kd3 c2 42.Kd2 Nc4+ 43.Kxc2 Ne3+
44.Kd2 Nxg2 45.h5 Nf4 46.Nxb5 Nxh5 47.Nd6+ Kg6 48.b5 Nf6 49.b6 Nd7 50.b7 Kf6
51.Ke3 g6  1-0

[Event "EY Girls Teams 2013"]
[Site "Maribor SLO"]
[Date "2013.07.08"]
[Round "4"]
[White "Obolentseva,Alexandra"]
[Black "Franca,Veronika"]
[Result "0-1"]
[WhiteElo "1994"]
[BlackElo "1940"]

1.d4 Nf6 2.c4 e6 3.Nf3 Bb4+ 4.Nc3 O-O 5.e3 c5 6.Bd3 d5 7.O-O dxc4 8.Bxc4 cxd4
9.exd4 b6 10.Bg5 Bb7 11.Rc1 Nc6 12.Bd3 Bxc3 13.Rxc3 Ne7 14.Bxf6 gxf6 15.Nh4 Ng6
16.Nxg6 hxg6 17.Be2 Qd6 18.Bf3 Bxf3 19.Rxf3 Kg7 20.Rd3 Rh8 21.h3 Rh5 22.Qa4 Ra5
23.Qc4 Rd8 24.Rfd1 Qd5 25.Qxd5 Raxd5 26.Kf1 e5 27.Ke2 exd4 28.R1d2 f5 29.Ra3 a5
30.Kd3 Kf6 31.b4 Rc8 32.bxa5 bxa5 33.Rb3 Rc6 34.Rc2 Rxc2 35.Kxc2 Ke5 36.Kd2 Rc5
37.Rb8 Kd5 38.Rb7 f6 39.Rb6 Kc4 40.Rxf6 Rb5 41.Rc6+ Kd5 42.Rxg6 Rb2+ 43.Kd3 Rxf2
44.h4 Rxa2 45.h5 Ra3+ 46.Ke2 Re3+ 47.Kd2 Re6 48.g4 fxg4 49.Rxg4 a4 50.Rg1 Rh6
51.Ra1 Rxh5 52.Rxa4 Ke4 53.Ra8 Rh2+ 54.Ke1 Ke3 55.Re8+ Kd3 56.Ra8 Rh1+ 57.Kf2 Kc2
58.Rc8+ Kd2 59.Ra8 d3 60.Rc8 Kd1 61.Ke3 d2 62.Kf2 Rh5 63.Rf8 Rc5 64.Ra8 Kc2
65.Ra2+ Kc3 66.Ra1 Kb2  0-1

[Event "3rd SPAChess Open"]
[Site "Amsterdam NED"]
[Date "2013.07.11"]
[Round "6.1"]
[White "Riemersma,L"]
[Black "Sumets,A"]
[Result "1/2-1/2"]
[WhiteElo "2438"]
[BlackElo "2583"]

1.d4 Nf6 2.c4 e6 3.Nc3 Bb4 4.Nf3 d5 5.Qa4+ Nc6 6.cxd5 exd5 7.Bg5 h6 8.Bxf6 Qxf6
9.Rc1 O-O 10.e3 Rd8 11.Be2 Bf8 12.O-O a6 13.Rfe1 Bf5  1/2-1/2

[Event "28th Gniot Mem 2013"]
[Site "Police POL"]
[Date "2013.07.13"]
[Round "4.4"]
[White "Chojnacki,K"]
[Black "Shilov,S"]
[Result "1-0"]
[WhiteElo "2442"]
[BlackElo "2189"]

1.d4 Nf6 2.c4 e6 3.Nc3 Bb4 4.Nf3 c5 5.g3 cxd4 6.Nxd4 O-O 7.Bg2 Qa5 8.Bd2 Qc5
9.Nc2 Bxc3 10.Bxc3 Qxc4 11.Ne3 Qb5 12.a4 Qg5 13.h4 Qg6 14.Bf3 h5 15.g4 d5
16.gxh5 Nxh5 17.Kf1 Nf6 18.Rg1 Qh6 19.Rg5 e5 20.Nxd5 Nxd5 21.Qxd5 Nc6 22.Bxe5 Bh3+
23.Kg1 Nxe5 24.Qxe5 Rfe8 25.Qg3 Bd7 26.Rd1 Bxa4 27.Rd4 Bc2 28.Rdg4 Kh8 29.e4 g6
30.h5 gxh5 31.Rh4 Rg8 32.Rhxh5  1-0

[Event "8th Nana Aleksandria"]
[Site "Poti GEO"]
[Date "2013.07.13"]
[Round "1.3"]
[White "Babujian,L"]
[Black "Ter Karapetian,Al"]
[Result "1-0"]
[WhiteElo "2497"]
[BlackElo "2146"]

1.d4 Nf6 2.c4 e6 3.Nc3 Bb4 4.Nf3 b6 5.Bg5 Bb7 6.e3 O-O 7.Bd3 c5 8.O-O cxd4
9.exd4 Bxc3 10.bxc3 d6 11.Re1 Nbd7 12.a4 Rc8 13.Nd2 h6 14.Bh4 Qc7 15.a5 d5
16.axb6 axb6 17.Ra7 Ra8 18.Rxa8 Rxa8 19.cxd5 Qxc3 20.Nb1 Qa5 21.dxe6 fxe6
22.f3 Bd5 23.Qc1 Qb4 24.Qc3 Qf8 25.Bg6 b5 26.Rc1 b4 27.Qc7 b3 28.Be1 Qb8
29.Qc3 Qb6 30.Nd2 Ne8 31.Be4 b2 32.Rb1 Rb8 33.Nc4 Qc6 34.Na5 Qb6 35.Bxd5 exd5
36.Nc6 Rb7 37.Ne7+ Kh8 38.Qe3 Nef6 39.Bc3 Qa6 40.Qd2 Qa3 41.Ng6+ Kg8 42.Rxb2 Rxb2
43.Bxb2 Qa2 44.Ne7+ Kf7 45.Nc6 Qb1+ 46.Kf2 Qf5 47.Qe2 Ng4+ 48.Kg3 Ndf6 49.Nd8+ Kg6
50.Qe6 Qxe6 51.Nxe6 Ne3 52.Nf4+ Kf5 53.Nd3 Nd1 54.Bc1 Nc3 55.Kf2 h5 56.h4 Nb5
57.Be3 Nd6 58.Nb4 Ke6 59.Ke2 g6 60.Nd3 Nf5 61.Nf4+ Kf7 62.Bf2 Ng7 63.Nd3 Ke6
64.Ne5 Kf5 65.Be3 Nge8 66.Bg5 Nh7 67.g4+ hxg4 68.fxg4+ Ke4 69.Be3 Nhf6 70.g5 Nh5
71.Nxg6 Ng3+ 72.Kf2 Nf5 73.Bc1 Neg7 74.Bb2 Ne6 75.Kg2 Nfxd4 76.Bxd4 Kxd4
77.Kf3 Kc3 78.Ne5 d4 79.Ke4 Nc5+ 80.Kf5  1-0

[Event "15th Saint-Lo IM"]
[Site "Saint-Lo FRA"]
[Date "2013.07.13"]
[Round "8.2"]
[White "Navrotescu,A"]
[Black "Ider,B"]
[Result "0-1"]
[WhiteElo "2112"]
[BlackElo "2386"]

1.d4 e6 2.Nf3 Nf6 3.c4 Bb4+ 4.Nc3 c5 5.a3 Bxc3+ 6.bxc3 O-O 7.e3 d6 8.Bd3 Nc6
9.e4 e5 10.d5 Na5 11.Bg5 Bg4 12.h3 Bh5 13.g4 Bg6 14.Nd2 h6 15.Bh4 Bh7 16.g5 Ne8
17.Qg4 hxg5 18.Bxg5 f6 19.Be3 Qc8 20.Qg2 Kf7 21.Be2 Ke7 22.Bg4 Qc7 23.Be6 Kd8
24.Rb1 Qe7 25.Rg1 b6 26.Qg4 Kc7 27.Ke2 Bg8 28.Bf5 Bf7 29.Qh4 Rg8 30.Bg6 Qf8
31.Qh5 Rh8 32.Bxf7 Rxh5 33.Bxh5 Qh8 34.Bg6 Qxh3 35.Kd3 Qd7 36.Rh1 Kb7 37.Rbg1 Ka6
38.Rh7 Rb8 39.Bf5 Qa4 40.Rb1 Kb7 41.Bh6 Ka8 42.Bxg7 Rb7 43.Bf8 Rxh7 44.Bxh7 b5
45.cxb5 c4+ 46.Ke2 Qc2 47.Bg6 Nb3 48.Rxb3 cxb3 49.Bxe8 Kb7 50.Bc6+ Kc7 51.b6+ axb6
52.Ba4 Qxc3 53.Bxb3 Qh3 54.Be7 Qg4+ 55.Kd3 Qg7 56.Bxd6+ Kxd6 57.Nc4+ Kc5
58.Ne3 Qg1 59.Ke2 b5 60.a4 b4 61.Bd1 Qh1 62.Kd3 Qe1 63.a5 Qc3+ 64.Ke2 b3
65.a6 b2 66.a7 Qa3  0-1

[Event "10th South Wales Int 2013"]
[Site "Penarth WLS"]
[Date "2013.07.16"]
[Round "6.1"]
[White "Petkov,V"]
[Black "Hawkins,Jo"]
[Result "1/2-1/2"]
[WhiteElo "2544"]
[BlackElo "2517"]

1.d4 Nf6 2.c4 e6 3.Nc3 Bb4 4.Nf3 c5 5.g3 cxd4 6.Nxd4 Ne4 7.Qd3 Qa5 8.Nb3 Nxc3
9.Nxa5 Ne4+ 10.Bd2 Bxd2+ 11.Qxd2 Nxd2 12.Kxd2 Nc6 13.Nb3 b6 14.Bg2 Ba6 15.Nd4 Ke7
16.Nxc6+ dxc6 17.Rhc1 Rad8+ 18.Ke3 c5 19.a4 Rd4 20.b3 Rhd8 21.a5 Bc8 22.axb6 axb6
23.b4 cxb4 24.Rab1 e5 25.Rxb4 Be6 26.Rxb6  1/2-1/2

[Event "8th Nana Aleksandria"]
[Site "Poti GEO"]
[Date "2013.07.16"]
[Round "5.8"]
[White "Qalagashvili,P"]
[Black "Kalashian,D"]
[Result "0-1"]
[WhiteElo "2170"]
[BlackElo "2427"]

1.c4 Nf6 2.Nc3 e6 3.Nf3 Bb4 4.d4 b6 5.e3 Bb7 6.Bd3 O-O 7.O-O c5 8.Bd2 cxd4
9.exd4 a6 10.Bg5 Be7 11.Qe2 h6 12.Bh4 d5 13.cxd5 exd5 14.Rfe1 Nc6 15.Rad1 b5
16.Bb1 b4 17.Na4 Re8 18.Qc2 Ne4 19.Bxe7 Nxe7 20.Nc5 Qb6 21.Ne5 g6 22.Ned7 Qd6
23.f3 Nxc5 24.Nxc5 Qb6 25.Qd2 Kg7 26.Qf4 Bc8 27.g4 Qf6 28.Qe3 a5 29.Bd3 Ra7
30.Kg2 Rd8 31.Bb5 Rd6 32.h3 Rd8 33.Rd2 Ng8 34.Rde2 Re7 35.Qd2 Rxe2+ 36.Rxe2 Qb6
37.Bd3 Qf6 38.Re5 Ne7 39.Bb5 g5 40.Re1 Ng6 41.Qe3 Qd6 42.Bf1 Nh4+ 43.Kh1 Qg3
44.f4 Nf3 45.Re2 gxf4 46.Qf2 Qxf2 47.Rxf2 Nxd4 48.Rxf4 Ne6 49.Nxe6+ fxe6
50.Kg2 e5 51.Rf2 e4 52.Rc2 d4 53.Kf2 Be6 54.Rc5 a4 55.Re5 e3+ 56.Kf3 Bxa2
57.Bd3 Bd5+ 58.Ke2 a3 59.bxa3 bxa3 60.Re7+ Kf6 61.Ra7 a2 62.h4 Ra8  0-1

[Event "8th Nana Aleksandria"]
[Site "Poti GEO"]
[Date "2013.07.19"]
[Round "7.2"]
[White "Babujian,L"]
[Black "Paichadze,L"]
[Result "0-1"]
[WhiteElo "2497"]
[BlackElo "2537"]

1.d4 Nf6 2.c4 e6 3.Nf3 Bb4+ 4.Nc3 b6 5.Bg5 Bb7 6.e3 h6 7.Bh4 g5 8.Bg3 Ne4
9.Qc2 d6 10.Bd3 Bxc3+ 11.bxc3 f5 12.d5 Na6 13.Nd4 Nac5 14.dxe6 O-O 15.f3 Nxd3+
16.Qxd3 Nc5 17.Qc2 Qf6 18.h4 g4 19.O-O-O gxf3 20.gxf3 Nxe6 21.Rhg1 Kh7 22.e4 Nxd4
23.cxd4 Rg8 24.e5 dxe5 25.Bxe5 Qe6 26.Qd3 Ba6 27.Bxc7 Bxc4 28.Qa3 Rac8 29.Be5 Bf1+
30.Kd2 Rxg1 31.Qxa7+ Kg8 32.Rxf1 Rg2+ 33.Ke3 f4+ 34.Kxf4 Rf8+ 35.Ke3 Qc4
36.Rf2 Qc3+ 37.Ke4 Qe1+  0-1

[Event "31st Andorra Open"]
[Site "La Massana AND"]
[Date "2013.07.21"]
[Round "2.9"]
[White "Peray,S"]
[Black "Steingrimsson,H"]
[Result "0-1"]
[WhiteElo "2218"]
[BlackElo "2557"]

1.d4 Nf6 2.c4 e6 3.Nc3 Bb4 4.Nf3 c5 5.e3 Bxc3+ 6.bxc3 d6 7.Bd3 Nc6 8.O-O e5
9.Qc2 h6 10.Bb2 O-O 11.Nd2 b6 12.Nb3 Bd7 13.Rae1 Re8 14.Qb1 e4 15.Bc2 Bf5
16.f3 Bh7 17.Nd2 Qe7 18.f4 Bf5 19.Bd1 Na5 20.h3 h5 21.Kh2 g6 22.Rg1 Kg7 23.Rh1 Qe6
24.Be2 Rh8 25.Kg1 Rag8 26.Kf2 Kf8 27.Ref1 g5 28.Ke1 h4 29.fxg5 Rxg5 30.Rf2 Nh5
31.Bxh5 Rhxh5 32.Rhf1 Rg3 33.d5 Rxe3+ 34.Re2 Rxe2+ 35.Kxe2 Qg6  0-1

[Event "Glorney Cup 2013"]
[Site "Cardiff ENG"]
[Date "2013.07.22"]
[Round "3.8"]
[White "Courtney,John"]
[Black "Koehn,Lennart"]
[Result "1/2-1/2"]
[WhiteElo "1999"]
[BlackElo "1682"]

1.d4 Nf6 2.c4 e6 3.Nc3 Bb4 4.Nf3 O-O 5.Bg5 d5 6.e3 c6 7.Qc2 Nbd7 8.Bd3 h6
9.Bh4 Be7 10.O-O dxc4 11.Bxc4 Nb6 12.Be2 Nbd5 13.Rfd1 Nxc3 14.bxc3 Qa5 15.c4 Rd8
16.e4 Qc7 17.Ne5 c5 18.Nf3 cxd4 19.e5 Nd5 20.Rxd4 Bxh4 21.Rxh4 Bd7 22.Rc1 Ne7
23.Rd4 Bc6 24.Rdd1 Rxd1+ 25.Rxd1 Rd8  1/2-1/2

[Event "65th ch-MNE 2013"]
[Site "Cetinje SRB"]
[Date "2013.07.22"]
[Round "3.4"]
[White "Pecurica,M"]
[Black "Kosic,D"]
[Result "0-1"]
[WhiteElo "2176"]
[BlackElo "2490"]

1.d4 Nf6 2.c4 e6 3.Nc3 Bb4 4.Nf3 b6 5.Bg5 Bb7 6.Nd2 h6 7.Bh4 Bxc3 8.bxc3 d6
9.f3 Nbd7 10.e4 e5 11.Bd3 Nf8 12.Nf1 Ng6 13.Bf2 Nf4 14.Ne3 O-O 15.Bf1 Re8
16.g3 Ne6 17.Bg2 Ng5 18.h4 Ne6 19.d5 Nc5 20.g4 Nh7 21.Nf5 Bc8 22.Ng3 Nf8
23.Be3 Ng6 24.h5 Nf4 25.Bf1 Qf6 26.Qd2 Ba6 27.Nf5 Bc8 28.Ng3 Bd7 29.Bxf4 exf4
30.Ne2 Nxe4 31.fxe4 Rxe4 32.Kf2 Bxg4 33.Nd4 Rae8 34.Bg2 Re3 35.Rae1 Qg5 36.Reg1 Qe5
37.Re1 Bxh5 38.Bf3 Bxf3 39.Nxf3 Qe4 40.Nd4 Re5  0-1

[Event "15th TCh-Eur Senior"]
[Site "Dresden GER"]
[Date "2013.07.22"]
[Round "3"]
[White "Krueger,Er"]
[Black "Maryasin,B"]
[Result "0-1"]
[WhiteElo "2193"]
[BlackElo "2335"]

1.d4 Nf6 2.c4 e6 3.Nc3 Bb4 4.Nf3 c5 5.g3 cxd4 6.Nxd4 Qc7 7.Qd3 a6 8.Bg2 Nc6
9.Nxc6 bxc6 10.O-O O-O 11.e3 Be7 12.b4 a5 13.b5 Bb7 14.e4 Rac8 15.b6 Qxb6
16.Na4 Qc7 17.Bb2 d6 18.Rab1 Ba6 19.Bxf6 Bxf6 20.Rb6 Qa7 21.e5 Bxe5 22.Bxc6 d5
23.Qe3 Bc7 24.Rxa6 Qxa6 25.Bb5 Qd6 26.c5 Qe5 27.Qd2 Rb8 28.Re1 Qf6 29.Nc3 Be5
30.Rxe5 Qxe5 31.f4 Qc7 32.Qd4 Rfc8 33.c6 Rxb5  0-1

[Event "Biel MTO 2013"]
[Site "Biel SUI"]
[Date "2013.07.24"]
[Round "3.15"]
[White "Burnier,D"]
[Black "Megaranto,S"]
[Result "1/2-1/2"]
[WhiteElo "2347"]
[BlackElo "2524"]

1.d4 Nf6 2.c4 e6 3.Nc3 Bb4 4.Nf3 Nc6 5.Bg5 h6 6.Bh4 g5 7.Bg3 Ne4 8.Qc2 d5
9.e3 h5 10.Ne5 h4 11.Nxc6 bxc6 12.f3 hxg3 13.fxe4 Rxh2 14.Rg1 Rb8 15.O-O-O Bxc3
16.Qxc3 dxe4 17.Qe1 Rh4 18.Qxg3 f6 19.c5 Qe7 20.Bc4 Qh7 21.Rdf1 Rh6 22.b3 Kd8
23.Qe1 Bd7 24.Rh1 Ke7 25.Rxh6 Qxh6 26.Qg3 Rh8 27.Qxc7 Qh2 28.g3 Qxa2 29.Qd6+ Kd8
30.Qb8+ Bc8 31.Qd6+ Bd7 32.Qb8+ Bc8 33.Qd6+ Bd7  1/2-1/2

[Event "Dutch Open 2013"]
[Site "Dieren NED"]
[Date "2013.07.24"]
[Round "2.2"]
[White "Sethuraman,S"]
[Black "Van Foreest,Jorden"]
[Result "1-0"]
[WhiteElo "2562"]
[BlackElo "2276"]

1.d4 Nf6 2.c4 e6 3.Nf3 Bb4+ 4.Nc3 O-O 5.Bg5 Bxc3+ 6.bxc3 d6 7.Nd2 e5 8.e3 Nbd7
9.Bd3 Re8 10.O-O h6 11.Bh4 Nf8 12.Qc2 Qe7 13.f4 exf4 14.exf4 N8d7 15.Ne4 b6
16.Rae1 Qf8 17.Nxf6+ Nxf6 18.Bxf6 Rxe1 19.Rxe1 gxf6 20.Be4 Rb8 21.Bc6 Bb7
22.Bxb7 Rxb7 23.Qf5 Rb8 24.Re3 Re8 25.Rg3+ Kh8 26.Qxf6+ Kh7 27.Kf2 Re6 28.Qf5+ Kh8
29.d5 Re8 30.Qf6+ Kh7 31.Rg4 Re7 32.Rh4 a6 33.a4 c5 34.g4 Rd7  1-0

[Event "39th Sitges Open"]
[Site "Sitges ESP"]
[Date "2013.07.24"]
[Round "3.2"]
[White "Vocaturo,D"]
[Black "Beltran Rueda,S"]
[Result "1-0"]
[WhiteElo "2536"]
[BlackElo "2420"]

1.d4 Nf6 2.c4 e6 3.Nc3 Bb4 4.Nf3 b6 5.e3 Ne4 6.Qc2 Bb7 7.Bd3 f5 8.O-O Bxc3
9.bxc3 O-O 10.Nd2 Qh4 11.f3 Nxd2 12.Bxd2 d6 13.Be1 Qg5 14.Kh1 Nd7 15.e4 Rae8
16.exf5 exf5 17.Bd2 Qg6 18.Qa4 Nf6 19.Qxa7 Rb8 20.Rae1 h5 21.Re7 h4 22.Rxc7 Ba8
23.d5 b5 24.cxb5 Bxd5 25.Qd4 h3 26.gxh3 Ba8 27.Bc4+  1-0

[Event "DSK GM Open 2013"]
[Site "Cape Town RSA"]
[Date "2013.07.26"]
[Round "6.4"]
[White "Emojong,Elijah"]
[Black "Tischbierek,R"]
[Result "1/2-1/2"]
[WhiteElo "2311"]
[BlackElo "2422"]

1.d4 Nf6 2.c4 e6 3.Nc3 Bb4 4.Nf3 d5 5.Bg5 Nbd7 6.e3 c5 7.cxd5 exd5 8.dxc5 Qa5
9.Nd2 Bxc3 10.bxc3 O-O 11.Qb3 Nxc5 12.Qb4 Qxb4 13.cxb4 Nce4 14.Nxe4 Nxe4
15.Bf4 a5 16.f3 Nf6 17.b5 Bf5 18.g4 Bg6 19.h4 h5 20.g5 Nd7 21.Rh2 Nb6 22.Rd2 Rac8
23.Kd1 Bf5 24.Rd4 Rfe8 25.Be2 Rc3 26.Rc1 Rec8 27.Rxc3 Rxc3 28.e4 Be6 29.Rd3 Rc5
30.Ra3 dxe4 31.fxe4 Nc4 32.Rc3 b6 33.Ke1 g6 34.Bg3 a4 35.Bf2 Rc8 36.a3 Kf8
37.Bxc4 Rxc4 38.Rxc4 Bxc4 39.Bxb6 Bxb5 40.Kd2 Ke7  1/2-1/2

[Event "Yinzhou Cup CHN-USA Rapid"]
[Site "Ningbo CHN"]
[Date "2013.07.26"]
[Round "5.2"]
[White "Shankland,S"]
[Black "Xiu Deshun"]
[Result "1-0"]
[WhiteElo "2599"]
[BlackElo "2556"]

1.d4 Nf6 2.c4 e6 3.Nc3 Bb4 4.Nf3 c5 5.g3 Nc6 6.Bg2 Ne4 7.Bd2 cxd4 8.Nxd4 Nxd2
9.Qxd2 Qb6 10.e3 O-O 11.O-O a6 12.a3 Be7 13.Rac1 d6 14.Na4 Qc7 15.c5 d5 16.Nb6 Rb8
17.b4 Ne5 18.Rfd1 Nd7 19.Nxc8 Rbxc8 20.e4 Nf6 21.exd5 Nxd5 22.Bxd5 exd5 23.Nf5 Rfd8
24.Rc3 Bf6 25.Rd3 b6 26.cxb6 Qxb6 27.Rxd5 Rxd5 28.Qxd5 Rd8 29.Qf3 g6 30.Rxd8+ Qxd8
31.Ne3 Bg7 32.Kg2 h5 33.h4 Qd3 34.Nd5 Qc4 35.Ne7+ Kh7 36.Qd5 Qxd5+ 37.Nxd5 Be5
38.a4 Kg7 39.b5 axb5 40.axb5 Kf8 41.b6 Ke8 42.b7 Kd7 43.Nb4  1-0